000 00687nam a2200241Ia 4500
003 OSt
005 20221005052348.0
006 a|||||r|||| 00| 0
007 ta
008 221004b |||||||| |||| 00| 0 eng d
024 _a34702
037 _cTextual
040 _aCRL
_cCRL
_beng
041 _2eng
_aeng
082 _aU115'C, M8
100 _aPotter Jonathan
245 0 _aCounter life book of antique maps
_b An introduction to the history of maps and how to appreciate them.
260 _aLondon
_bCountry life Books
_c1988
300 _a192p.
_ccm.
650 _aGEOGRAPHY
942 _hU115'C, M8
_cTEXL
_2cc
999 _c960288
_d960288